000 00413nam a22001217a 4500
999 _c3372
_d3372
005 20201130113243.0
008 201130b ||||| |||| 00| 0 eng d
020 _a26955
040 _cCML
245 _aManpower Upgrading Project GCE O Level Mathematics.
_cNational Correspondence Collage
260 _aLuanshya
_bNational Correspondence Collage
_cFiction
942 _2ddc
_cBK
_e1st Edition
_h510
_mANC